[Event "EU-ch 12th"]
[Site "Aix les Bains"]
[Date "2011.04.01"]
[Round "10"]
[White "Grigoryan, Avetik"]
[Black "Wells, Peter K"]
[Result "1-0"]
[WhiteElo "2608"]
[BlackElo "2487"]
[Annotator "Marchand,A/Primel,D"]
[PlyCount "67"]
[EventDate "2011.03.22"]
[EventType "swiss"]
[EventRounds "11"]
[EventCountry "FRA"]
[SourceTitle "CBM 142 Extra"]
[Source "ChessBase"]
[SourceDate "2011.06.27"]
[SourceVersion "1"]
[SourceVersionDate "2011.06.27"]
[SourceQuality "1"]

1. Nf3 d5 2. c4 e6 3. d4 Nf6 4. Nc3 c6 5. e3 Nbd7 6. Qc2 (6. Bd3) 6... a6 {
[%cal Gd5c4,Gb7b5] Une ligne secondaire} (6... Bd6) 7. a3 {Commence la lutte
pour le tempo où les Blancs retardent au maximum la sortie Bd3 pour éviter dc4,
suivi de b7b5 qui égalise facilement.} (7. b3) (7. Bd3 dxc4 $11 {Sansas,
A-Pinson,H FRA-ch 28th Paris 1953 (6) 1-0}) 7... Bd6 8. e4 {Avec un début
aussi lent, les Noirs n'ont pas de problèmes} (8. b4 $5 {[%csl Gc5]}) 8... dxe4
9. Nxe4 Nxe4 10. Qxe4 c5 (10... Nf6) 11. Bg5 $146 ({RR} 11. dxc5 Nxc5 12. Qc2
Bd7 13. Be3 Qf6 14. Bg5 Qg6 15. Qxg6 hxg6 16. b4 Ne4 17. Be3 a5 18. Bd3 Nf6 19.
Ke2 Ke7 20. Bd2 Bc6 21. bxa5 Bc7 22. Bb4+ Ke8 23. Rhd1 Bxa5 24. Ne5 Ba4 25.
Rdb1 Rxh2 {Kelecevic,N (2435)-Godena,M (2420)/Switzerland 1995/1-0 (32)}) 11...
Be7 (11... Qc7) 12. Bxe7 Qxe7 13. O-O-O cxd4 14. Nxd4 Nc5 15. Qe3 e5 {Prématuré
} (15... O-O) 16. Re1 f6 17. f4 O-O 18. b4 Ne6 19. Nf5 Qc7 20. fxe5 a5 $1 {
[%csl Rc1][%cal Ga8a1]} 21. Bd3 $1 {N'ayant pas peur de l'ouverture de la
colonne "a"} (21. b5 Nc5) 21... axb4 22. axb4 fxe5 (22... Rd8 23. exf6 Ra3 $132
{[%csl Rd3]}) 23. Qxe5 $1 {[%cal Ge5c7,Ge5a1]} Qxe5 24. Rxe5 Nf4 (24... Ra1+
25. Bb1) 25. Ne7+ Kh8 26. Bb1 Bg4 27. g3 Ne2+ 28. Kd2 Rf2 $13 {[%cal Gf2d2,
Ge2g3]} 29. Ke1 $1 Rg2 $2 (29... Rf7 $142 30. Rf1 Rxf1+ 31. Kxf1 Ra1 32. Nd5
Rxb1+ 33. Kf2) 30. Be4 Ra1+ 31. Kd2 Ra2+ 32. Ke3 Nxg3 $4 33. Ng6+ $1 hxg6 34.
Re8+ 1-0

[Event "EU-ch 12th"]
[Site "Aix les Bains"]
[Date "2011.04.01"]
[Round "10"]
[White "Lenic, Luka"]
[Black "Rublevsky, Sergei"]
[Result "1/2-1/2"]
[WhiteElo "2623"]
[BlackElo "2678"]
[Annotator "Marchand,A/Primel,D"]
[PlyCount "58"]
[EventDate "2011.03.22"]
[EventType "swiss"]
[EventRounds "11"]
[EventCountry "FRA"]
[SourceTitle "CBM 142 Extra"]
[Source "ChessBase"]
[SourceDate "2011.06.27"]
[SourceVersion "1"]
[SourceVersionDate "2011.06.27"]
[SourceQuality "1"]
[TimeControl "40/5400+30:1800+30"]

1. d4 d5 2. c4 c6 3. Nc3 Nf6 4. e3 e6 5. Nf3 a6 6. Qc2 c5 7. cxd5 exd5 8. Be2
Be6 9. O-O Nc6 10. Rd1 cxd4 11. Nxd4 Nxd4 (11... Rc8 12. Nxe6 fxe6 13. e4 $14)
12. Rxd4 Bc5 13. Rd1 Qe7 14. Bf3 Rd8 (14... O-O $5 15. Nxd5 Bxd5 16. Bxd5 Nxd5
17. Rxd5 Rac8 {[%cal Gc8c2];Gelfand,B (2727)-Anand,V (2791) World Championship
2012 (6) 1/2}) 15. b3 O-O 16. Bb2 Rc8 (16... Rfe8) 17. Nxd5 Bxd5 18. Bxd5 Bxe3
19. Qe2 Nxd5 20. Rxd5 Bg5 (20... Bc5 21. Re5 Qd6 22. Rd1 Qb6) 21. Re5 $1 Qf6
22. Re1 h6 $5 $146 {Tentant d'améliorer une partie du bulletin de la veille} ({
RR} 22... Bf4 23. Re4 Qh6 24. g3 Bc1 25. Bd4 Qd6 26. b4 Ba3 27. Qg4 g6 28. Qh4
h5 29. Qg5 Bxb4 30. Be5 Bd2 31. Bxd6 Bxg5 32. Bxf8 Kxf8 33. Rd1 Rc7 34. Rdd4
Bf6 35. Rc4 Rd7 36. Rc8+ Kg7 37. Kg2 {Ragger,M (2614)-Kobalia,M (2672)/
Aix-les-Bains 2011/1-0 (73)}) 23. h4 $1 {[%cal Gb2f6]} Qg6 24. hxg5 Rc2 $1 25.
Qe3 (25. Qf3 {[%cal Gf3b7]} Rxb2 26. Qxb7 Rxa2 27. gxh6 Qxh6 28. Qe7 {[%cal
Ge7f8] Provoque un léger affaiblissement mais c'est insuffisant pour prendre
un réel avantage.} f5 {[%csl Re6]} (28... a5 29. Qxf8+)) 25... Rxb2 26. gxh6
Qxh6 27. Qxh6 gxh6 28. R5e2 Rxe2 29. Rxe2 Rc8 1/2-1/2

[Event "Corus"]
[Site "Wijk aan Zee"]
[Date "2010.01.31"]
[Round "13"]
[White "Van Wely, Loek"]
[Black "Anand, Viswanathan"]
[Result "1/2-1/2"]
[WhiteElo "2641"]
[BlackElo "2790"]
[Annotator "Marin,M"]
[PlyCount "78"]
[EventDate "2010.01.16"]
[EventType "tourn"]
[EventRounds "13"]
[EventCountry "NED"]
[EventCategory "19"]
[SourceTitle "CBM 135"]
[Source "ChessBase"]
[SourceDate "2010.03.17"]
[SourceVersion "1"]
[SourceVersionDate "2010.03.17"]
[SourceQuality "1"]

1. Nf3 d5 2. d4 Nf6 3. c4 c6 4. Nc3 e6 5. e3 Nbd7 6. Qc2 Bd6 7. b3 O-O 8. Be2
b6 9. O-O Bb7 10. Bb2 Qe7 11. Rad1 Rfe8 12. Rfe1 Rad8 13. Bf1 {This looks a
bit passive.} (13. Bd3 {and}) (13. e4 {are more ambitious.}) 13... e5 $5 {
A logical reaction. Previously, this had only been played in a game without
too much relevance because of the big difference of strength between the
opponents.} 14. dxe5 Nxe5 15. Nd4 dxc4 $1 $146 (15... g6 $6 {leaves Black with
structural deffects.} 16. cxd5 cxd5 17. f3 $14 {Neverov,V (2561)-Delabaca,R 
(2212)/Paleohora 2009/CBM 131 Extra (1-0, 58)}) 16. Nf5 Qe6 17. Nxd6 Rxd6 18.
bxc4 Rxd1 19. Nxd1 c5 {Black's superior activity compensates for White's
bishops pair and the potentially dangerous kingside majority.} 20. e4 Bxe4 21.
Rxe4 Nxe4 22. Qxe4 Nxc4 23. Qc2 Nxb2 24. Qxb2 g6 25. Ne3 Qe5 26. Qa3 Re7 27. g3
Kg7 28. h4 h5 29. Bc4 Rd7 30. Qc1 Rd4 31. a4 Qd6 32. Qa1 Kg8 33. a5 Qf6 34. Qa2
Kg7 35. axb6 axb6 36. Kg2 Rd7 37. Bb5 Rd8 38. Bc4 Rd7 39. Bb5 Rd8 1/2-1/2

[Event "Corus"]
[Site "Wijk aan Zee"]
[Date "2010.01.23"]
[Round "7"]
[White "Caruana, Fabiano"]
[Black "Anand, Viswanathan"]
[Result "1/2-1/2"]
[WhiteElo "2675"]
[BlackElo "2790"]
[Annotator "Marin,M"]
[PlyCount "66"]
[EventDate "2010.01.16"]
[EventType "tourn"]
[EventRounds "13"]
[EventCountry "NED"]
[EventCategory "19"]
[SourceTitle "CBM 135"]
[Source "ChessBase"]
[SourceDate "2010.03.17"]
[SourceVersion "1"]
[SourceVersionDate "2010.03.17"]
[SourceQuality "1"]

1. d4 d5 2. c4 c6 3. Nc3 Nf6 4. e3 e6 5. Nf3 Nbd7 6. Qc2 Bd6 7. b3 O-O 8. Be2
b6 9. O-O Bb7 10. Bb2 Rc8 11. Rfd1 (11. Rad1 {is more common, preparing a
possible retreat of the queen to b1.}) 11... c5 12. dxc5 ({With the actual
placement of rooks,} 12. cxd5 {was never played, maybe because the queen would
feel unsafe after the opening of the d-file. With Rad1 instead of Rfd1, 12.
cxd5 usually leads to the hanging pawns structure.}) 12... Nxc5 13. cxd5 Nxd5
14. Bc4 $146 (14. Nxd5 Bxd5 {Karpov,A (2619)-Anand,V (2788)/Corsica 2009 (1/2,
41)}) 14... Nb4 15. Qe2 Qe7 16. a3 Nc6 17. b4 Nd7 18. Ne4 Bb8 19. Ba6 Bxa6 20.
Qxa6 Nde5 21. Rac1 Nxf3+ 22. gxf3 f5 23. Ng3 f4 24. exf4 Bxf4 25. b5 Bxc1 26.
Rxc1 Qf7 27. bxc6 Qxf3 28. Bd4 Rxc6 29. Rxc6 Qxc6 30. Qxa7 Qc1+ 31. Kg2 Qc6+
32. Kg1 Qc1+ 33. Kg2 Qc6+ 1/2-1/2

[Event "Khanty-Mansiysk FIDE GP"]
[Site "Khanty-Mansiysk"]
[Date "2015.05.14"]
[Round "1"]
[White "Jobava, Baadur"]
[Black "Tomashevsky, Evgeny"]
[Result "0-1"]
[WhiteElo "2699"]
[BlackElo "2749"]
[Annotator "Marin,M"]
[PlyCount "78"]
[EventDate "2015.05.14"]
[EventType "tourn"]
[EventRounds "11"]
[EventCountry "RUS"]
[EventCategory "21"]
[SourceTitle "CBM 167"]
[Source "ChessBase"]
[SourceDate "2015.07.13"]
[SourceVersion "1"]
[SourceVersionDate "2015.07.13"]
[SourceQuality "1"]

1. d4 {[%emt 0:00:46]} d5 {[%emt 0:00:52]} 2. c4 {[%emt 0:00:46]} c6 {[%emt 0:
00:48]} 3. Nc3 {[%emt 0:00:44]} Nf6 {[%emt 0:00:39]} 4. Nf3 {[%emt 0:00:42]} a6
{[%emt 0:00:48]} 5. e3 {[%emt 0:00:47]} e6 {[%emt 0:01:52]} 6. b3 {[%emt 0:00:
45]} c5 {[%emt 0:02:47] (?!) To tell the truth, I do not understand this
move's popularity, mainly because of the plan chosen by Jobava. As the game
continues, ...c6-c5 will turn into a mere loss of time and ...a7-a6 into a
weakening of the queenside. Things are different with respect to the 6.Qc2 c5
line in which the queen's early commitment cause White some problems of
stability in the centre.} 7. Bb2 {[%emt 0:01:19] The most consistent
continuation.} ({Releasing the tension with} 7. cxd5 {would transpose to some
sort of semi-Tarrasch, in which the move b2-b3 is not necessarily useful. In
fact, it could be more of a weakening move.} cxd4 $1 (7... exd5 {is worse,
allowing White to get a genuine Semi-Tarrasch with an extra tempo.} 8. Bb2 Nc6
9. Be2 cxd4 10. Nxd4 Bd6 11. O-O O-O 12. Rc1 Qc7 13. h3 Rd8 14. Bf3 Qe7 15.
Nxc6 bxc6 16. Na4 Bb7 17. Qd4 Rab8 18. Rc2 Qf8 19. Nc5 Bc8 20. Rfc1 $16 {
San Segundo Carrillo,P (2564)-Jakovenko,D (2737) Dresden 2008 (1/2-1/2, 34)})
8. Nxd4 (8. Qxd4 {forces Black into playing with the Isolani, but the queen
does not really belong on the blocking square.} exd5 9. Bb2 Nc6 10. Qd3 Bd6 $11
{Bukavshin,I (2501)-Tkachiev,V (2646) Aix-les-Bains 2011 (1/2-1/2, 14)}) 8...
Nxd5 9. Bd2 (9. Bb2 Bb4 10. Rc1 Nxc3 11. Bxc3 Bxc3+ 12. Rxc3 e5 13. Nf3 Qxd1+
14. Kxd1 Nc6 $11) 9... Nf6 10. Be2 Bc5 11. Rc1 Ba3 12. Rb1 e5 $132 {
Karthikeyan,P (2327)-Mohota,N (2409) Chennai 2008 (1/2-1/2, 18)}) 7... cxd4 {
[%emt 0:09:34]} 8. exd4 {[%emt 0:04:45] This would be my choice without
hesitation, as I enjoy playing with the hanging pawns, especially when offered
an extra tempo.} ({Great champions may think differently:} 8. Nxd4 {Kramnik,V 
(2784)-Andreikin,D (2716) Tromsoe 2013 CBM 156 [Negi,P] (1/2-1/2, 27)}) 8...
Be7 $6 {[%emt 0:02:24] This dooms Black to complete passivity.} ({He should
have increased the pressure against d4 as soon as possible:} 8... Nc6 9. c5 (9.
Bd3 {implies a pawn sacrifice, offering White compensation, but not
necessarily an advantage:} dxc4 10. bxc4 Nxd4 11. Nxd4 Qxd4 12. O-O Be7 13. Na4
{[%cal Gc4c5]} Qa7 14. Bc1 $5 $44 {[%csl Gb6][%cal Ga1b1,Gc1e3]}) (9. Be2 {
leads to a more modest setup than in the game, although Black does not have
active play either:} Be7 10. O-O O-O 11. Rc1 Bd7 12. c5 $14 {White could
actually "lose" a tempo with Be2-d3, compensating for ...c6-c5 but leaving
Black with the wasted time on the weakening move ...a7-a6.}) 9... Ne4 ({
The critical continuation is} 9... b6 10. Na4 bxc5 11. dxc5 Qa5+ 12. Bc3 Qc7
13. Bd3 {White's position is more active, but Black's centre offers him
counter-chances.}) 10. Bd3 (10. Nxe4 dxe4 11. Nd2 e5 $13 {Melkumyan,H (2485)
-Gasanov,E (2541) Belgorod 2008 (1-0, 29)}) 10... f5 (10... Nxc3 11. Bxc3 g6
12. O-O Bg7 13. b4 $14) 11. O-O Be7 12. Na4 $14) 9. Bd3 {[%emt 0:02:10]} Nc6 {
[%emt 0:10:26]} 10. O-O {[%emt 0:01:21]} O-O {[%emt 0:08:00]} ({It is already
too late to grab the pawn:} 10... dxc4 11. bxc4 Nxd4 12. Nxd4 Qxd4 13. Nd5 $1
Qxb2 14. Nc7+ Kf8 15. Nxa8 $14 {With the white king in the centre as in the
similar line above, ...Bf8-b4+ would be annoying, but here White is an
exchange up and has the better development. Black's pawn and superior
structure offers him only some compensation.}) 11. Rc1 {[%emt 0:03:18]} Bd7 {
[%emt 0:10:35] Quite a passive approach, as the bishop has little to do on d7,
while also getting in the way of its colleagues. But Black's choice was rather
limited anyway.} ({Black's main problem is that his lost tempo does not allow
him to transpose to the 4.e3 Queen's Indian with} 11... b6 {Portisch,L (2610)
-De Firmian,N (2570) Reggio Emilia-A 8990 32nd 1989 (8) 1-0 (compare with:} 12.
cxd5 $1 $146 Nxd5 (12... exd5 13. Ne5 Bb7 14. Na4 $16 {takes full advantage of
the queenside weaknesses: both pawns are under pressure!}) 13. Nxd5 Qxd5 14.
Re1 Bb7 15. Be4 Qd6 16. Ne5 Nxe5 (16... Rac8 17. Nxc6 Bxc6 18. Bxc6 Rxc6 19.
Rxc6 Qxc6 20. d5 $16) 17. Bxb7 Ra7 18. Be4 $16) ({The only way to try proving .
..a7-a6 useful is} 11... dxc4 12. bxc4 b5 {, fighting for the d5-square, but
this pawn sacrifice should not equalise either:} 13. cxb5 (13. Ne4 $5) 13...
axb5 14. Bxb5 Bb7 15. a4 Qb6 16. d5 Rad8 ({The more natural} 16... Rfd8 {
leaves the a8-rook hanging in the following forced line:} 17. Qe1 Nxd5 18. Nxd5
Rxd5 19. Rxc6 Bxc6 20. Qc3 Bf6 21. Qxc6 Qxc6 22. Bxc6 Bxb2 23. Bxa8 $18) 17.
dxc6 $5 {A promising queen sacrifice.} ({White would also retain the more
pleasant play after} 17. Qe2 Nxd5 18. Nxd5 Rxd5 19. Rb1 Qa7 20. Rfc1 $14 {
/= White is well coordinated, has an outside passed pawn and some kingside
pressure. Black should probably manage to equalise gradually, but this looks
like a one-way story.}) 17... Rxd1 18. Nxd1 Bc8 19. Bd4 Qc7 20. Ne3 $14 {
White has enough material compensation for the queen and his queenside
advantage is threatening.}) 12. Re1 {[%emt 0:03:39]} Re8 {[%emt 0:05:10]} 13.
c5 $1 $14 {[%emt 0:06:14][%csl Gd7] /+/- The correct strategic decision.
White's queenside space advantage is not easy to match.} (13. cxd5 {would only
help Black to activate his d7-bishop:} Nxd5 14. Nxd5 exd5 15. Ne5 g6 16. Qf3
Nxe5 17. dxe5 Be6 $14 {/= With the bishop on b7, this position would be quite
promising for White, but here he has not that much of an advantage.}) 13... Qc7
{[%emt 0:18:40]} (13... a5 14. Na4 $16 {[%csl Gb6]}) (13... b6 14. Na4 bxc5 15.
Nxc5 $16 {[%csl Ra6,Rd7][%cal Gf3e5]}) 14. a3 {[%emt 0:01:43]} ({White could
also do without the massive pawn advance.} 14. Na4 Rad8 15. Nb6 Bc8 16. Ne5
Nxe5 17. dxe5 Nd7 18. Bd4 Nb8 19. Qg4 Nc6 20. Bb2 $16) 14... Bf8 {[%emt 0:01:
25] The start of a slow regrouping aimed at preparing ...e6-e5.} 15. b4 {
[%emt 0:00:48]} Rad8 {[%emt 0:04:27]} (15... e5 16. dxe5 Nxe5 17. Nxd5 $1 $18 (
17. Rxe5 Rxe5 18. Nb5 {also works.})) 16. h3 {[%emt 0:04:13] Clearly showing
that White can play cat and mouse a bit.} (16. Rb1 {was also possible,
speeding up White's queenside attack.} g6 17. Bc1 {[%cal Gc1g5]} Bg7 (17... e5
18. Nxe5 Nxe5 19. Bf4 $16) 18. g3 $16 {[%cal Gc1f4,Ga3a4,Gb4b5]}) 16... g6 {
[%emt 0:01:53]} (16... e5 17. dxe5 Nxe5 18. Rxe5 Rxe5 19. Nb5 Bxb5 20. Bxe5 Qe7
21. Bxb5 axb5 22. Qd3 $16) 17. Rb1 {[%emt 0:06:38]} Bg7 {[%emt 0:07:33]} (17...
Bc8 {keeping the d6-square under control would have been more cautious, even
though White would retain a large advantage with} 18. b5 axb5 19. Bc1 e5 {
The only try to get some play.} 20. Nxb5 Qb8 21. Bg5 $16) 18. b5 $1 {[%emt 0:
01:57] Black has come close to setting up pressure on d4, but has weakened the
d6-square, making White's reaction optimal.} ({If} 18. Ba1 Nh5 19. Bf1 Qf4 20.
g3 Qb8 {White would not have the time for a3-a4 and b4-b5 anyway, making the
immediate pawn break necessary, under less favourable circumstances than in
the game.} 21. b5 (21. a4 e5 22. dxe5 Bf5 23. Rb3 Nxe5 24. Nxe5 Rxe5 {[%csl
Gd5]} 25. Ne2 d4 26. g4 d3 27. Bxe5 Bxe5 28. gxf5 d2 $44) 21... axb5 22. Nxb5
Bf8 $14) 18... Na5 {[%emt 0:04:48]} (18... axb5 19. Nxb5 Qb8 20. Nd6 Rf8 21.
Bc3 Bc8 22. Qd2 Ne8 23. Ne5 Qa8 24. Nxc8 Qxc8 25. Nxc6 bxc6 26. a4 $16 {
[%cal Gc3a5,Gd3a6,Ra4a6,Rb1b6]}) 19. a4 {[%emt 0:02:22]} ({There was nothing
wrong with the pawn grabbing:} 19. bxa6 bxa6 20. Bxa6 Ra8 21. Bb5 Nc4 22. Ne5
$16) 19... Bc8 {[%emt 0:12:10]} 20. Bc1 {[%emt 0:02:40] At this height of the
game, it looked very improbable that White could lose. In fact, even a draw
would be some sort of miracle.} h6 {[%emt 0:01:24]} 21. Qc2 {[%emt 0:02:10]}
Nc4 {[%emt 0:01:11]} 22. Bxc4 $6 {[%emt 0:02:56] A bit too impatient.} (22. Qb3
$1 {[%cal Gd3c4] would more or less win a pawn and the game.} Na5 (22... e5 23.
Nxd5 Nxd5 24. Bxc4 $18) 23. Qb4 $18 {[%csl Ra5][%cal Gb5b6]}) 22... dxc4 {
[%emt 0:00:31]} 23. Rb4 $2 {[%emt 0:00:52] Jobava must have lost the feel for
danger.} (23. b6 Qb8 (23... Qe7 24. Bf4 $16) 24. Ne2 {[%cal Gc2c4]} e5 {
What else?!} 25. Nxe5 Bf5 26. Qxc4 Bxb1 27. Qxf7+ Kh7 28. Bf4 Bc2 29. Rc1 (29.
Ng4 $2 Qxf4 $1) 29... Rf8 (29... Bf5 30. Ng4 $18) 30. Qc4 Be4 (30... Nd5 31.
Bg3 Bf5 32. Nxg6 Qc8 33. Nxf8+ Bxf8 34. c6 $16) 31. Nxg6 Qc8 32. Nxf8+ Rxf8 33.
Ng3 Bc6 34. Qd3+ $16) 23... e5 $132 {[%emt 0:03:01]} 24. b6 {[%emt 0:03:34]} (
24. dxe5 Bf5 25. Qa2 Nd7) (24. Nxe5 Rxd4 $19) 24... Qb8 {[%emt 0:01:10]} 25.
Rxe5 $6 {[%emt 0:24:06]} ({It would have been better to prepare the c6-square
for the knight with} 25. c6 {for instance:} bxc6 26. Rxe5 Rxe5 27. Nxe5 Rxd4
28. Nxc6 $11) 25... Rxe5 {[%emt 0:00:37]} 26. dxe5 {[%emt 0:00:33]} Bf5 {
[%emt 0:00:44]} 27. Qe2 {[%emt 0:01:15]} Bd3 {[%emt 0:05:27]} 28. Qe3 {[%emt 0:
01:30]} Nd7 $17 {[%emt 0:00:56] The position has changed dramatically and
White is suddenly in dire straits.} 29. Nd5 {[%emt 0:15:26]} Nxe5 {[%emt 0:00:
44]} 30. Ne7+ {[%emt 0:01:34]} Kh7 {[%emt 0:01:12]} 31. c6 {[%emt 0:20:47]}
Nxf3+ {[%emt 0:01:16]} 32. gxf3 {[%emt 0:02:57]} Qd6 {[%emt 0:00:33]} 33. Ba3 {
[%emt 0:08:09]} bxc6 {[%emt 0:03:10]} 34. b7 {[%emt 0:00:50]} Rb8 {[%emt 0:01:
24]} 35. Nc8 {[%emt 0:00:55]} Qd7 {[%emt 0:02:28]} 36. Qe7 {[%emt 0:00:51]}
Qxh3 {[%emt 0:00:50]} 37. Qxf7 {[%emt 0:00:33]} Qf1+ {[%emt 0:00:40]} 38. Kh2 {
[%emt 0:00:32]} Qxf2+ {[%emt 0:00:36]} 39. Kh1 {[%emt 0:00:32]} Be2 {[%emt 0:
01:34]} 0-1

[Event "Morelia/Linares 24th"]
[Site "Morelia/Linares"]
[Date "2007.03.04"]
[Round "10"]
[White "Aronian, Levon"]
[Black "Morozevich, Alexander"]
[Result "1/2-1/2"]
[WhiteElo "2744"]
[BlackElo "2741"]
[Annotator "Marin,M"]
[PlyCount "58"]
[EventDate "2007.02.17"]
[EventType "tourn"]
[EventRounds "14"]
[EventCountry "ESP"]
[EventCategory "20"]
[SourceTitle "CBM 117"]
[Source "ChessBase"]
[SourceDate "2007.03.30"]
[SourceVersion "1"]
[SourceVersionDate "2007.03.30"]
[SourceQuality "1"]

1. d4 d5 2. Nf3 Nf6 3. c4 c6 4. Nc3 e6 5. e3 Nbd7 6. Qc2 Bd6 7. g4 {Aronian
always meets the Meran setup with this sharp line. We can assume that this
partly justifies Morozevich' choice of an opening that had occured only once
in his previous games.} Nxg4 8. Rg1 Qf6 9. Rxg4 Qxf3 10. Rxg7 Nf6 11. h3 h6 ({
An interesting novelty. The reason why Black spends a whole tempo to take the
g5-square under control can be seen after} 11... e5 12. dxe5 Bxe5 13. Rg5 Nd7
14. cxd5 cxd5 15. Rf5 {with very active play for White in Tisdall-Sidselrud,
Norway 2002.}) 12. Bd2 e5 13. Rg3 Qh5 14. cxd5 exd4 15. Ne4 Nxe4 16. Qxe4+ Qe5
17. Qxe5+ Bxe5 18. Rf3 cxd5 19. Bb5+ Ke7 20. exd4 Bd6 (20... Bxd4 $2 {would
have left the black king in big danger after} 21. Bb4+ Ke6 22. O-O-O) 21. Kf1
Be6 {After a short tactical sequence, the game has calmed down completely. The
position is symmetrical, which makes a draw highly probable.} 22. Re1 Rac8 23.
Bd3 Rc6 24. Rf5 Rb6 25. b3 Bb4 26. Bxb4+ Rxb4 27. Rxd5 Kf6 28. Rd6 Ke7 29. Rd5
Kf6 1/2-1/2